Parole che iniziano con la "U" - Statistics

Statistiche generali
  • Questo quiz è stato fatto 373 volte
  • Il punteggio medio è 11 su 15
Statistiche sulle risposte
INDIZIO RISPOSTA % Corretto
Uno dei cinque sensi Udito
100%
Unica regione italiana a non toccare altri Paesi o mari Umbria
99%
Parte delle dita che cresce costantemente Unghia
97%
Il nome di Fantozzi Ugo
96%
Altro nome con cui è chiamato l'eroe greco Odisseo Ulisse
96%
Gioco di carte per bambini Uno
93%
"Se questo è un ____" libro sulla Shoah scritto da Primo Levi Uomo
92%
Il 92esimo elemento della tavola periodica, molto radioattivo Uranio
86%
Famoso poeta italiano che scrive poesie di brevi versi Ungaretti
85%
Cadde nel 1991 URSS
77%
Band che ha scritto "With or without you" U2
75%
Far provare volontariamente a qualcuno una situazione di disagio Umiliare
54%
Famoso wrestler il cui nome in italiano significa "Becchino" Undertaker
42%
Nell'RNA sostituisce la timina del DNA Uracile
37%
Gens _____, dinastia romana di cui ha fatto parte l'imperatore Traiano Ulpia
10%
Nessun quiz corrispondente trovato
Distribuzione punteggi
Percentuale di utenti per punteggio
Percentile per numero di risposta
I tuoi punteggi nel tempo
Non hai fatto questo quiz